000 01745cam a22006254i 4500
003 PE-LiUPU
005 20250731170421.0
008 180504s2017 pe a r 000 0 spa d
020 _a6124284111
020 _a9786124284113
035 _a(Sirsi) a241837
040 _aPE-LiUPU
_bspa
_cPE-LiUPU
_erda
049 _aPRUA
082 0 4 _a152.46
_bA59
_220
100 1 _aAndrade, Amalia,
_eautor.
245 1 0 _aCosas que piensas cuando te muerdes las uñas /
_cAmalia Andrade.
250 _aPrimera edición.
264 1 _aPerú :
_bEditorial Planeta Perú,
_c2017.
300 _a310 páginas :
_bilustraciones ;
_c23 centímetros
336 _atext
_2rdacontent
337 _aunmediated
_2rdamedia
338 _avolume
_2rdacarrier
505 0 _aCosas que piensas cuando te muerdes las uña.
526 _aSEG68
526 _aSEG70
526 _aSEG69
526 _aSEG67
526 _aSEG43
526 _aP144
526 _aP143
526 _aP131
526 _aP122
526 _aP120
526 _aP117
526 _aP112
526 _aP110
526 _aP106
526 _aP101
526 _aP80
526 _aP59
526 _aP54
526 _aP35
526 _aP33
526 _aP30
541 _g0021-0005351;
650 0 4 _aAnxiety.
650 0 4 _aAnsiedad.
650 0 4 _aFear.
650 0 4 _aMiedo.
910 _adbm
_bjpc
_cjpc
_d20180504
942 _2ddc
_cBOOK
994 _aC0
_bPEPRU
596 _a1
999 _a152.46 A59
_wDEWEY
_c27395
_i78422
_f2019-12-10
_g1
_lCCODEBUL1
_mBUL
_p14.98
_r0
_sY
_tBOOK
_u2018-5-4
_xSALUD
_zP33
_0COMPRA
_o.STAFF. Colección Ciencias de la Salud
_d27395
980 _81
_gALBERTO SANCHEZ Responsable de Automatización